📖✒ "Gabriel Péri" [Un homme est mort] Paul Eluard - Statistiques

Statistiques générales
  • Ce quiz a Ă©tĂ© pris 33 fois
  • Le rĂ©sultat moyen est 98 sur 187
Statistiques - réponses
Mots % Correct
est
100%
homme
100%
mort
100%
mort,
100%
Un
100%
Ă 
92%
a
92%
d'
92%
il
85%
Il
85%
l'
85%
ce
77%
de
77%
des
77%
Et
77%
et
77%
n'
77%
oĂą
77%
le
69%
Le
69%
le,
69%
Mais
69%
Péri
69%
pour
69%
sa
69%
Au
62%
au
62%
Car
62%
la
62%
les
62%
Nous
62%
nous
62%
nous,
62%
on
62%
vie
62%
avait
54%
du
54%
lui
54%
qu'
54%
Que
54%
qui
54%
ses
54%
son
54%
y
54%
femmes
46%
sont
46%
tout
46%
Amour,
38%
autre
38%
enfant
38%
fond
38%
mot
38%
mots
38%
sur
38%
yeux;
38%
amies
31%
aussi
31%
celle
31%
coeur
31%
fait
31%
justice
31%
liberté
31%
soit
31%
vivant.
31%
camarade
23%
certains
23%
connaissons
23%
fleurs
23%
font
23%
frère
23%
fruits
23%
fusils
23%
grâce
23%
noms
23%
oubli
23%
pays,
23%
poitrine
23%
villages
23%
vivre
23%
bonheur
15%
bras
15%
continue
15%
Contre
15%
contre
15%
défense
15%
espoir
15%
hait
15%
lutte
15%
mieux
15%
ouverts
15%
route
15%
terre
15%
trouée
15%
Tutoyons-
15%
voulait
15%
voulions
15%
voulons
15%
aujourd'hui
8%
chaleur,
8%
confiance
8%
courage
8%
découvrir
8%
innocents
8%
Ajoutons-
0%
gentillesse
0%
lumière
0%
Aucun quiz correspondant
Distribution des résultats
% des personnes avec chaque résultat
Percentile par nombre de réponses
Votre historique - résultats
Vous n’avez pas pris ce quiz